000 00691nam a2200205Ia 4500
001 8498
003 GE_BSU
008 181216s||||||||xx |||||||||||||| ||und||
040 _cGE_BSU
080 _a821.353.1-11
100 _aვარშანიძე,მამია.
245 _aლირიკა:ლირკული პოემები.
245 _cრედ:ა.ახვლედიანი;მხატვ:ლ.გუდიაშვილი.
260 _aბათუმი.
260 _bსაბჭ.აჭარა.
260 _c1976.
300 _a346გვ;1ფ.პორტ.19სმ.
653 _aლირიკული პოემები.
942 _cBK
999 _c41815
_d41815